Multiple Choice City Quiz – Lima - Statistics

General Stats
  • This quiz has been taken 10,956 times
    10,937 since last reset
  • The average score is 6 of 10
Answer Stats
Question Answer % Correct
Which of these mountain ranges is closest to Lima? Andes
98%
What is the approximate latitude of Lima? 12 °S
73%
What cocktail was invented in Lima? Pisco sour
72%
Who founded Lima? Francisco Pizarro
68%
Which of these dishes is Lima known for? Ceviche
65%
In the colonial era, what was the primary export through the nearby port of Callao? Silver
60%
What is Lima's upscale shopping district? Miraflores
47%
Of all the capital cities in the world, Lima ... Gets the least precipitation
45%
What terrorist group bombed the above district in 1992, killing 25 people? Shining Path
43%
What do hundreds of thousands of people follow around the streets of Lima each October, a tradition dating back to 1655? A painting of Jesus
20%
No matching quizzes found
Score Distribution
Percent of People with Each Score
Percentile by Number Answered
Your Score History
You have not taken this quiz since the last reset